00219nam a22000977a 4500008004100000041000800041080001000049100000900059101000800068245004500076260311b ||||| |||| 00| 0 eng d aeng a573.4 a20.1 amek aCellular Endocrinology cP. Michael Conn